El Sistema Constitucional Espaǫl

Bibliographic Details
Main Author: Gambino, Silvio
Other Authors: Lozano Miralles, Jorge, Puzzo, Fernando, Ruiz Ruiz, Juan Još
Format: eBook
Language:Spanish
Published: Madrid: Instituto Nacional de Administracin̤ Pb︢lica (INAP), 2019
Subjects:
Online Access:Acceso restringido

MARC

LEADER 00000nam a22000007a 4500
005 20191115114347.0
007 cr|||| ||||
008 191115s2019 es |||||s|||| 00||0 spa d
020 |a 978-84-7351-670-9 
035 |a 30646 
040 |a vLex 
090 |c 10028  |d 10028 
100 1 |a Gambino, Silvio 
245 1 2 |a El Sistema Constitucional Espaǫl  |h [Recurso electrn̤ico] /  |c Silvio Gambino, Jorge Lozano Miralles, Fernando Puzzo, Juan Jos ̌Ruiz Ruiz 
256 |a Servicio en ln̕ea 
260 |a Madrid:  |b Instituto Nacional de Administracin̤ Pb︢lica (INAP),  |c 2019 
300 |a 1 recurso electrn̤ico 
500 |a Tras el rǧimen autoritario del General Franco, la Constitucin̤ de 1978 instituye un moderno sistema constitucional que puede ser estudiado tanto como una concreta realidad polt̕ica, como un compendio de la historia constitucional europea de finales del siglo XX. La monografa̕ aborda, tras una breve premisa histr̤ica, el sistema de valores que la Constitucin̤ establece (el Estado social y democrt̀ico de Derecho), las fuentes del derecho, los derechos fundamentales y sus garanta̕s, la regulacin̤ de sus instituciones de gobierno (Parlamento, Gobierno, Corona, Poder Judicial o Tribunal Constitucional) as ̕como la distribucin̤ territorial del poder, las siempre problemt̀icas relaciones entre Estado y Comunidades Autn̤omas, as ̕como su financiacin̤. El libro, escrito por juristas, pretende tambiň ser t︢il para quienes quieran profundizar en la problemt̀ica de la realidad polt̕ico- constitucional espaǫla. Silvio Gambino es Catedrt̀ico de Derecho Constitucional italiano y comparado de la Universidad de Calabria (Italia). Jorge Lozano Miralles es Catedrt̀ico de Derecho Constitucional de la Universidad de Jaň. Fernando Puzzo es Profesor agregado de Derecho Pb︢lico de la Universidad de Calabria (Italia). Juan Jos ̌Ruiz Ruiz es Profesor Titular de Derecho Constitucional en la Universidad de Jaň. El Tratado de Derecho Pb︢lico Comparado consta de un conjunto de volm︢enes que abordan los temas ms̀ relevantes del Derecho Pb︢lico Comparado. El trabajo tiene como objetivo identificar y presentar, en un marco original, el conocimiento del Derecho Comparado en el r̀ea del derecho pb︢lico a travš de nuevas ln̕eas de interpretacin̤. Cada volumen est ̀escrito por distinguidos acadm̌icos y ofrece un anl̀isis especializado dirigido a la doctrina, estudiantes y acadm̌icos de la disciplina. 
506 1 |a Disponible solo en los productos indicados  |d vLex Global  |d vLex Global (Academic Edition, excluding Law Schools)  |d vLex Global (U.S. Academic Edition, Law Schools)  |d vLex Global (U.S. Academic Edition, excluding Law Schools)  |d vLex Global (Academic Edition, Law Schools) 
650 0 4 |a Derecho Constitucional  |z Espaą 
700 1 |a Lozano Miralles, Jorge 
700 1 |a Puzzo, Fernando 
700 1 |a Ruiz Ruiz, Juan Još 
740 0 |a vLex Libros (Servicio en ln̕ea) 
856 4 0 |u http://vlex.com/source/sistema-constitucional-espa-ol-30646  |z Acceso restringido 
942 |c BOOK 
999 0 |a Constitutional right